| 000 | 00770cam a2200253u 4500 | ||
|---|---|---|---|
| 999 |
_c25056 _d25056 |
||
| 001 | 10332396 | ||
| 003 | BDDh-ASL | ||
| 005 | 20231015030436.0 | ||
| 008 | 821001q ii 000 0 eng | ||
| 010 | _asa 65002362 | ||
| 040 |
_aDLC _cCarP _dDLC _dBDDh-ASL |
||
| 043 | _aa-ii--- | ||
| 050 | 0 | 0 |
_aDS457 _b.E553 |
| 082 |
_a954 _bELH |
||
| 100 | 1 |
_aElliot, H. M. _q(Henry Miers), _cSir, _d1808-1853. |
|
| 245 | 1 | 4 |
_aThe history of India / _cas told by its own historians: |
| 250 | _a[1st Indian ed.] | ||
| 260 |
_aAllahabad : _aCalcutta: _bKitab Mahal, Wholesale Division _c1957 |
||
| 300 |
_av. _c23 cm. |
||
| 651 | 0 |
_aIndia _xHistory _y1000-1526. |
|
| 700 | 1 |
_aDowson, John, _d1820-1881. |
|
| 906 |
_a0 _bcbc _cpremunv _du _encip _f19 _gy-gencatlg |
||
| 942 |
_2ddc _cBK |
||